000 05211namaa22004451i 4500
003 EG-GICUC
005 20260122131251.0
008 260120s2025 ua a|||frm||| 000 0 eng d
040 _aEG-GICUC
_beng
_cEG-GICUC
_dEG-GICUC
_erda
041 0 _aeng
_beng
_bara
049 _aDeposit
082 0 4 _a615.82
092 _a615.82
_221
097 _aM.Sc
099 _aCai01.21.10.M.Sc.2025Ay.E
100 0 _aAya Abdelhamid Adbelhamid Elbagory,
_epreparation.
245 1 0 _aEffect of the breather exerciser trainer on diaphragmatic mobilility and thickness in elderley /
_cby Aya Abdelhamid Adbelhamid Elbagory ;Supervisors Prof. Dr. Nesreen Ghareeb Mohamed Elnahas, Prof. Dr. Samir Abd Elfattah Elgazar, Dr. Donia Mohamed El-Masry.
246 1 5 _aتأثير جهاز تدريب التنفس البريزر على حركة وسمك الحجاب الحاجز فى كبار السن
264 0 _c2025.
300 _a122 pages :
_billustrations ;
_c25 cm. +
_eCD.
336 _atext
_2rda content
337 _aUnmediated
_2rdamedia
338 _avolume
_2rdacarrier
502 _aThesis (M.Sc.)-Cairo University, 2025.
504 _aBibliography: pages 85-99.
520 3 _aObjectives Elderly people with decreased respiratory muscle activity are more prone to infections and impairments due to age-related functional decline. Decreased diaphragmatic function lowers quality of life by interfering with the respiratory system's function. Respiratory muscle exercise is one training strategy that can enhance daily activities and quality of life. Therefore, the study aimed to assess how breathing exerciser trainers affect diaphragmatic mass and excursion in elderly adults. Materials and Methods: The study included two equal groups of 30 participants each, ranging in age from 65 to 75 and representing both genders. Over an eight-week period, the study group participants received training from a breather exerciser trainer five times a week in addition to conventional breathing exercises, while the control group participants only performed conventional breathing exercises. Results: The study group shows significant (P <0.05) improvement in all measured variables compared with the control group. The diaphragmatic excursion increased from 2.63 ±0.64 cm to 3.82 ±0.66 cm.The diaphragmatic thickness increased from 3.56±0.56 mm to 4.50± 0.62 mm.The Katz activities of daily living (Katz ADL) score also increased from 2.93 ±1.11 to 4.73 ±0.82, and the 6-minute walk test (6MWT) score increased from 385.60 ±22.78 m to 485.33 ±28.85 m. Lastly, the quality-of-life score increased from 0.812 ±0.02 to 0.932 ±0.04. Conclusion: The breather exerciser trainer device boosts the elderly's functional capacity, quality of life, and functional status by improving diaphragm thickness.
520 3 _aشملت الدراسة مجموعتين متساويتين، كلٌّ منهما 60 مشاركًا، تتراوح أعمارهم بين 65 و75 عامًا، ويمثلون كلا الجنسين وعلى مدى ثمانية أسابيع، و لقد تلقى المشاركون في المجموعة (أ ) تدريبًا من جهاز تدريب التنفس البريزر خمس مرات أسبوعيًا، بالإضافة إلى تمارين التنفس التقليدية، بينما مارس المشاركون في المجموعه (ب) تمارين التنفس التقليدية فقط. النتائج: أظهرت المجموعة (أ) تحسنًا ملحوظًا (P <0.05) في جميع المتغيرات المقاسة مقارنةً بالمجموعة (ب). ازدادت حركات الحجاب الحاجز وسمكه من 2.63 ± 0.64 سم إلى 3.82 ± 0.66 سم بعد 8 أسابيع من استخدام جهاز تدريب التنفس، بالإضافة إلى العلاج الطبيعي التقليدي. (كاتز ADL) كما ارتفعت درجة كاتز لأنشطة الحياة اليومية من 2.93 ± 1.11 إلى 4.73 ± 0.82، وارتفعت درجة اختبار المشي لمدة 6 دقائق (6MWT) من 385.60 ± 22.78 متر إلى 485.33 ± 28.85 متر. وأخيرًا، ارتفعت درجة جودة الحياة من 0.812 ± 0.02 إلى 0.932 ± 0.04.
530 _aIssues also as CD.
546 _aText in English and abstract in Arabic & English.
650 3 _aPhysical Therapy
650 3 _aالعلاج الطبيعى
653 1 _aActivities of Daily Living
_aBreathing exercise
_aDiaphragm
_aQuality of life
_aأنشطة الحياة اليومية
_aالشيخوخة
700 0 _aNesreen Ghareeb Mohamed Elnahas
_ethesis advisor.
700 0 _aSamir Abd Elfattah Elgazar
_ethesis advisor.
700 0 _aDonia Mohamed El-Masry.
_ethesis advisor.
900 _b01-01-2025
_cNesreen Ghareeb Mohamed Elnahas
_cSamir Abd Elfattah Elgazar
_cDonia Mohamed El-Masry
_UCairo University
_FFaculty of Physical Therapy
_DDepartment of Physical Therapy for Cardiovascular / Respiratory Disorder and Geriatrics
905 _aShimaa
_eEman Ghareb
942 _2ddc
_cTH
_e21
_n0
999 _c177872